|
|
|
|
| LEADER |
00000nam0a2200000 4500 |
| 001 |
315007 |
| 005 |
20231102002732.0 |
| 010 |
|
|
|a 9785915224284
|
| 035 |
|
|
|a (RuTPU)RU\TPU\book\340440
|
| 090 |
|
|
|a 315007
|
| 100 |
|
|
|a 20160224d2016 k y0rusy50 ca
|
| 101 |
0 |
|
|a rus
|
| 102 |
|
|
|a RU
|
| 105 |
|
|
|a a z 001zy
|
| 200 |
1 |
|
|a Гравитация. Инерция. Невесомость. Центробежные и гироскопические эффекты энергии взаимодействия системы многих тел
|f В. И. Ферронский
|g Российская академия наук (РАН), Институт водных проблем (ИВП)
|
| 210 |
|
|
|a Москва
|c Научный мир
|d 2016
|
| 215 |
|
|
|a 305 с.
|c ил.
|
| 320 |
|
|
|a Библиогр.: с. 297-300.
|
| 320 |
|
|
|a Предметный указатель: с. 301-305.
|
| 330 |
|
|
|a На основе нового закона орбитального движения тел Солнечной системы с первой космической скоростью своих прародителей найдено, что силы гравитации, инерции и невесомости самогравитирующего небесного тела представляют центробежный эффект энергии внутреннего взаимодействия его масс и внешнего потенциального поля. Этот эффект широко используется для практических целей разделения веществ, находящихся в газообразном, жидком и твердом состоянии, на их компоненты по их силе тяжести путем использования различных конструкций центрифуг. На основе центробежного и центростремительного эффектов взаимодействия п тел в работе исследуется решение вириального уравнения Якоби, к которому приведены уравнения движения Ньютона, Эйлера, Эйнштейна и Шрсдингера. Анализируется природа сил Архимеда и Кориолиса, эффекты разделения единого газового облака на оболочки при образовании Солнечной системы, единство гравитационного и электромагнитного поля, образование и распад иерархических систем небесных тел.
|
| 606 |
1 |
|
|a Небесная механика
|2 stltpush
|3 (RuTPU)RU\TPU\subj\71691
|9 85480
|
| 610 |
1 |
|
|a гравитация
|
| 610 |
1 |
|
|a инерция
|
| 610 |
1 |
|
|a невесомость
|
| 610 |
1 |
|
|a системы многих тел
|
| 610 |
1 |
|
|a центробежные эффекты
|
| 610 |
1 |
|
|a гироскопические эффекты
|
| 610 |
1 |
|
|a элементарные частицы
|
| 610 |
1 |
|
|a уравнение движения Якоби
|
| 610 |
1 |
|
|a самогравитирующие системы
|
| 610 |
1 |
|
|a Солнечная система
|
| 610 |
1 |
|
|a небесные тела
|
| 610 |
1 |
|
|a эволюция
|
| 610 |
1 |
|
|a образование
|
| 610 |
1 |
|
|a распад
|
| 675 |
|
|
|a 521.1
|v 4
|
| 700 |
|
1 |
|a Ферронский
|b В. И.
|
| 712 |
0 |
2 |
|a Российская академия наук (РАН)
|b Институт водных проблем (ИВП)
|c (Москва)
|2 stltpush
|3 (RuTPU)RU\TPU\col\563
|
| 801 |
|
1 |
|a RU
|b 63413507
|c 20160224
|
| 801 |
|
2 |
|a RU
|b 63413507
|c 20160429
|g RCR
|
| 942 |
|
|
|c BK
|
| 959 |
|
|
|a 22/20160216
|d 1
|e 650,00
|f ЧЗТЛ:1
|